000 00424nam a2200157Ia 4500
005 20250703153737.0
008 240331s9999 xx 000 0 und d
020 _a9559767852
082 _bMAL
_a909
100 _aMallikarachchi,D
245 0 _aKarl Poper maxwadaye viyaja vivekayak
260 _bAuthor's Statment
_c2003
300 _a193 p .,
500 _aA book of Karl Popper is a false Critic of Marxism
942 _cL
999 _c5306
_d5306